Hooray for Hoppy!

When Hoppy the rabbit wakes up on the first day of spring, he discovers a world full of wonderful things. He uses all five senses to sniff the fresh air, listen to the birds sing, taste the fresh grass, watch the lambs in the meadow, and touch the warm ground. Illustrated in bright, bold collage, th...

全面介绍

Đã lưu trong:
书目详细资料
主要作者: Hopgood, Tim
格式: 图书
语言:Undetermined
出版: New York Farrar Straus Giroux 2014
主题:
标签: 添加标签
没有标签, 成为第一个标记此记录!
Thư viện lưu trữ: Trung tâm Học liệu Trường Đại học Cần Thơ
LEADER 01011nam a2200217Ia 4500
001 CTU_217434
008 210402s9999 xx 000 0 und d
020 |c 14.68 
082 |a 808.068 
082 |b H792 
100 |a Hopgood, Tim 
245 0 |a Hooray for Hoppy! 
245 0 |c Tim Hopgood 
260 |a New York 
260 |b Farrar Straus Giroux 
260 |c 2014 
520 |a When Hoppy the rabbit wakes up on the first day of spring, he discovers a world full of wonderful things. He uses all five senses to sniff the fresh air, listen to the birds sing, taste the fresh grass, watch the lambs in the meadow, and touch the warm ground. Illustrated in bright, bold collage, this story about seasonal change and sensory perception makes a warm and cozy readaloud. 
650 |a Children's literature, United states,Spring,Văn học thiếu nhi, Mỹ,Mùa xuân 
650 |x Fiction,Tiểu thuyết 
904 |i Trinh, Tuyến 
980 |a Trung tâm Học liệu Trường Đại học Cần Thơ